000 00491nam a2200193 a 4500
001 1772883571611
003 YourLibrary
005 20260307171107.0
008 260307s2000##################000#0#eng##
020 _a9780198296218
082 0 4 _a327
_bWHE
100 1 _aWheeler, Nicholas J.,
_eauthor.
245 1 0 _aSaving Strangers :
260 _bOxford University Press,
_c2000.
300 _a353 pages
650 0 _aLaw.
942 _cENGLISH
040 _aYourLibrary
_beng
_cYourLibrary
999 _c617202
_d617202